| 000 | 00422nam a2200181Ia 4500 | ||
|---|---|---|---|
| 008 | 210210b1928 xxu||||| |||| 00| 0 eng d | ||
| 041 | _aeng | ||
| 082 | _a519/59 | ||
| 100 | _aHARDY (G H) | ||
| 245 | _aCourse of pure mathematics | ||
| 260 |
_aCambridge _bAt the University Press _c1928 |
||
| 650 | _apure | ||
| 650 | _aof | ||
| 650 | _amathematics | ||
| 650 | _aCourse | ||
| 690 | _aMathematics | ||
| 906 | _a007920 | ||
| 999 |
_c140778 _d140778 |
||